Capital City of which Country? (East and SE Asia Edition) - Statistics

General Stats
  • This quiz has been taken 372 times
  • The average score is 13 of 16
Answer Stats
Hint Answer % Correct
Beijing China
100%
Seoul South Korea
96%
Bangkok Thailand
96%
Tokyo Japan
95%
Jakarta Indonesia
92%
Pyongyang North Korea
92%
Hanoi Vietnam
91%
Kuala Lumpur Malaysia
90%
Phnom Penh Cambodia
87%
Manila Philippines
83%
Ulaanbaatar Mongolia
79%
Vientiane Laos
74%
Bandar Seri Begawan Brunei
71%
Dili East Timor
70%
Naypyidaw Burma
69%
S_________ Singapore
63%
No matching quizzes found
Score Distribution
Percent of People with Each Score
Percentile by Number Answered
Your Score History
You have not taken this quiz